[Event "Czech League 2006/07 (1st) West"]
[Site "masterchessopen.com Czech Republic"]
[Date "2007.04.01"]
[Round "11"]
[White "Simek Petr (CZE)"]
[Black "Rosko Lubos (CZE)"]
[Result "0-1"]
[WhiteElo "2231"]
[BlackElo "2232"]

1.d4 Nf6 2.c4 g6 3.Nc3 d5 4.cxd5 Nxd5 5.e4 Nxc3 6.bxc3 Bg7 7.Bc4 c5 8.Ne2 Nc6
9.Be3 O-O 10.O-O Bg4 11.f3 cxd4 12.cxd4 Na5 13.Bd3 Be6 14.d5 Bxa1 15.Qxa1 f6
16.Qd4 Bd7 17.e5 a6 18.a4 b5 19.e6 Be8 20.h4 Rc8 21.h5 Nb3 22.Qb4 Qxd5 23.Nf4
Qe5 24.Re1 a5 25.Qxb3 Rc1 26.Bxc1 Qxe1+ 27.Kh2 Qxc1 28.Nd5 bxa4 29.Nxe7+ Kh8
30.Qc4 Qxc4 31.Bxc4 a3 32.h6 Bb5 33.Ba2 Re8 {#R} 0-1

[Event "Ch Europe"]
[Site "masterchessopen.com Dresden (Germany)"]
[Date "2007.04.03"]
[Round "1"]
[White "Kanep Meelis (EST)"]
[Black "Mayer Frank (GER)"]
[Result "1-0"]
[WhiteElo "2515"]
[BlackElo "2110"]

1.d4 Nf6 2.c4 g6 3.Nc3 d5 4.cxd5 Nxd5 5.e4 Nxc3 6.bxc3 Bg7 7.Bc4 O-O 8.Ne2 c5
9.O-O Nc6 10.Be3 Bg4 11.f3 cxd4 12.cxd4 Na5 13.Bd3 Be6 14.d5 Bxa1 15.Qxa1 f6
16.Qd4 Bf7 17.Bh6 Re8 18.Bb5 e5 19.Qf2 Re7 20.f4 Be8 21.Bd3 Rf7 22.Qg3 Qd6
23.h4 Nc4 24.Bxc4 Qc5+ 25.Rf2 Qxc4 26.fxe5 Qxe4 27.e6 Rg7 28.Bxg7 Kxg7 29.Qc7+
Kg8 30.Qxb7 Rd8 31.Qe7 Qxd5 32.Rxf6 Bc6 33.Nf4 Qd4+ 34.Kh2 Re8 35.Qf7+ Kh8
36.e7 {#r} 1-0

[Event "It (open)"]
[Site "masterchessopen.com Southend (England)"]
[Date "2007.04.07"]
[Round "3"]
[White "Collins Alan (ENG)"]
[Black "Webster Richard J (ENG)"]
[Result "0-1"]
[WhiteElo "1851"]
[BlackElo "1964"]

1.d4 Nf6 2.c4 g6 3.Nc3 d5 4.cxd5 Nxd5 5.e4 Nxc3 6.bxc3 Bg7 7.Be3 c5 8.Bc4 O-O
9.Ne2 Nc6 10.O-O Bg4 11.f3 cxd4 12.cxd4 Na5 13.Bd3 Be6 14.Qd2 Nc4 15.Bxc4 Bxc4
16.Rac1 Rc8 17.e5 Bxe5 18.Rxc4 Rxc4 19.dxe5 Qxd2 20.Bxd2 Rc2 21.Rd1 Rd8 {#R}
0-1

[Event "Ch Russia (club) (hl)"]
[Site "masterchessopen.com Sochi (Russia)"]
[Date "2007.05.08"]
[Round "7"]
[White "Rakhmanov Aleksandr (RUS)"]
[Black "Danin Alexandre (RUS)"]
[Result "0-1"]
[WhiteElo "2510"]
[BlackElo "2488"]

1.d4 Nf6 2.c4 g6 3.Nc3 d5 4.cxd5 Nxd5 5.e4 Nxc3 6.bxc3 Bg7 7.Bc4 c5 8.Ne2 Nc6
9.Be3 O-O 10.O-O Bg4 11.f3 Na5 12.Bd3 cxd4 13.cxd4 Be6 14.d5 Bxa1 15.Qxa1 f6
16.Qd4 Bf7 17.Bh6 Re8 18.Bb5 e5 19.Qf2 Re7 20.f4 exf4 21.Qxf4 Qb6+ 22.Kh1 Bxd5
23.exd5 Qxb5 24.Qxf6 Qe8 25.Qd4 Rf7 26.Rxf7 Qxf7 27.h3 Rd8 28.Qc3 b6 29.Ng3
Re8 30.Qd4 g5 31.Ne4 Qf1+ 32.Kh2 Qf4+ 33.Kh1 Qe5 34.Nf6+ Kf7 35.Qd3 Kxf6
36.Qxh7 Qe7 37.Qd3 Qe1+ 38.Kh2 Qe4 {#R} 0-1

[Event "It (open)"]
[Site "masterchessopen.com Maastricht (Netherlands)"]
[Date "2007.05.27"]
[Round "5"]
[White "Clemens Adrian (NED)"]
[Black "Schut Lisa (NED)"]
[Result "1-0"]
[WhiteElo "2316"]
[BlackElo "1976"]

1.d4 Nf6 2.c4 g6 3.Nc3 d5 4.cxd5 Nxd5 5.e4 Nxc3 6.bxc3 Bg7 7.Bc4 c5 8.Ne2 Nc6
9.Be3 O-O 10.O-O Bg4 11.f3 cxd4 12.cxd4 Na5 13.Bd3 Be6 14.d5 Bxa1 15.Qxa1 f6
16.Qd4 Bf7 17.Bh6 Re8 18.Bb5 e5 19.Qf2 Re7 20.f4 exf4 21.Qxf4 Qb6+ 22.Kh1 Bxd5
23.exd5 Qxb5 24.Qxf6 Qe8 25.Qc3 b6 26.h3 Rc8 27.Qd4 Rf7 28.Rxf7 Qxf7 29.Ng3 g5
30.Nf5 Re8 31.Kh2 Nc4 32.g4 Ne5 33.Kg3 Qc7 34.d6 Qc6 35.Qe3 Ng6 36.Qb3+ {#r}
1-0

[Event "It (open)"]
[Site "masterchessopen.com Yeovil (England)"]
[Date "2007.06.16"]
[Round "2"]
[White "Mayhew Andrew (ENG)"]
[Black "Poobalasingam Peter (ENG)"]
[Result "0-1"]
[WhiteElo "2058"]
[BlackElo "2158"]

1.d4 Nf6 2.c4 g6 3.Nc3 d5 4.cxd5 Nxd5 5.e4 Nxc3 6.bxc3 Bg7 7.Bc4 O-O 8.Ne2 c5
9.O-O Nc6 10.Be3 Bg4 11.f3 cxd4 12.cxd4 Na5 13.Bd3 Be6 14.d5 Bxa1 15.Qxa1 f6
16.Bh6 Re8 17.Nf4 Bf7 18.e5 Qb6+ 19.Kh1 fxe5 20.Ne6 Qd6 21.Re1 Rec8 22.Rxe5
Qa3 23.Re1 Qc3 24.Qb1 Nc4 25.Bg7 Nd2 26.Bxc3 Nxb1 27.Bb2 Nc3 28.Nf4 Nxa2 29.h3
Nb4 30.Bb5 a6 31.Bd7 Rc7 32.Rxe7 Rd8 33.Rxf7 Kxf7 34.Be6+ Ke7 {#R} 0-1

[Event "Cup Volga"]
[Site "masterchessopen.com Kostroma (Russia)"]
[Date "2007.07.06"]
[Round "5"]
[White "Vorobjov Denis S (RUS)"]
[Black "Vorontsov Nickolay (KAZ)"]
[Result "0-1"]
[WhiteElo "2227"]
[BlackElo "2299"]

1.d4 Nf6 2.c4 g6 3.Nc3 d5 4.cxd5 Nxd5 5.e4 Nxc3 6.bxc3 Bg7 7.Bc4 c5 8.Ne2 O-O
9.O-O Nc6 10.Be3 Bg4 11.f3 Na5 12.Bd3 cxd4 13.cxd4 Be6 14.Rc1 Bxa2 15.Qa4 Be6
16.d5 Bd7 17.Qb4 e6 18.Bf4 e5 19.Bd2 b6 20.Qa3 Re8 21.Ba6 Bf8 22.Qa2 Rb8
23.Bd3 Nb7 24.f4 Nc5 25.Bb1 Bb5 26.Rfe1 Bd3 27.Nc3 Bg7 28.Na4 Bxb1 29.Rxb1
exf4 30.Nxc5 bxc5 31.Qxa7 Bd4+ 32.Kh1 Rxb1 33.Rxb1 Qf6 34.Rb8 Qe5 35.Bxf4 Qxf4
36.Rxe8+ Kg7 37.h3 Qf1+ 38.Kh2 Bg1+ 39.Kg3 Qf2+ 40.Kg4 h5+ {#R} 0-1

[Event "It (open)"]
[Site "masterchessopen.com Panevezys (Lithuania)"]
[Date "2007.08.22"]
[Round "7"]
[White "Buivys Martynas (LTU)"]
[Black "Traczewski Wojciech (POL)"]
[Result "0-1"]
[WhiteElo "1807"]
[BlackElo "1965"]

1.d4 Nf6 2.c4 g6 3.Nc3 d5 4.cxd5 Nxd5 5.e4 Nxc3 6.bxc3 Bg7 7.Bc4 c5 8.Ne2 O-O
9.Be3 Nc6 10.O-O Bg4 11.f3 Na5 12.Bd3 cxd4 13.cxd4 Be6 14.d5 Bxa1 15.Qxa1 f6
16.Bh6 Re8 17.Rb1 Bxd5 18.exd5 Qxd5 19.Be4 Qc4 20.Nc3 Qd4+ 21.Kh1 Rac8 22.Nb5
Qxa1 23.Rxa1 a6 24.Nd4 Red8 25.Nb3 Nxb3 26.axb3 Rc7 27.Be3 Rc3 28.Bb6 Rd6
29.Bg1 Rxb3 30.g4 e6 31.Bc5 Rd2 32.Rc1 f5 33.gxf5 exf5 34.Bb1 Rdb2 {#R} 0-1

[Event "Ch Ukraine (juniors) (under 18) (1/2 final)"]
[Site "masterchessopen.com Evpatoria (Ukraine)"]
[Date "2007.10.10"]
[Round "9"]
[White "Ledakov Alexandr (UKR)"]
[Black "Bidkov Anton (UKR)"]
[Result "0-1"]
[WhiteElo "1902"]
[BlackElo "2147"]

1.d4 Nf6 2.c4 g6 3.Nc3 d5 4.cxd5 Nxd5 5.e4 Nxc3 6.bxc3 Bg7 7.Bc4 c5 8.Ne2 cxd4
9.cxd4 Nc6 10.Be3 O-O 11.O-O Bg4 12.f3 Na5 13.Bd3 Be6 14.d5 Bxa1 15.Qxa1 f6
16.Bh6 Re8 17.Kh1 a6 18.Nf4 Bf7 19.e5 e6 20.Re1 Rc8 21.Qb2 Qc7 22.d6 Qd7
23.Rd1 Nc6 24.Be4 Nxe5 25.Qxb7 Qxb7 26.Bxb7 Rb8 27.Bxa6 Red8 28.a4 Rxd6 29.Be2
Rxd1+ 30.Bxd1 Rb1 {#R} 0-1

[Event "Tournament (open) (b)"]
[Site "masterchessopen.com Corsico (Italy)"]
[Date "2007.10.14"]
[Round "4"]
[White "Favoni Matteo (ITA)"]
[Black "Brioschi Camillo (ITA)"]
[Result "1-0"]
[WhiteElo "1881"]
[BlackElo "1943"]

1.d4 Nf6 2.c4 g6 3.Nc3 d5 4.cxd5 Nxd5 5.e4 Nxc3 6.bxc3 Bg7 7.Bc4 O-O 8.Ne2 c5
9.Be3 Nc6 10.O-O cxd4 11.cxd4 Bg4 12.f3 Na5 13.Bd3 Be6 14.d5 Bxa1 15.Qxa1 Bd7
16.Bh6 f6 17.Kh1 Rc8 18.e5 Nc4 19.e6 Bxe6 20.Bxc4 Re8 21.Qd4 Qc7 22.Rc1 Red8
23.d6 Qd7 24.dxe7 Qxe7 25.Qe4 Kf7 26.Bxe6+ Qxe6 27.Qxb7+ Ke8 28.Re1 Rc5 29.Qb4
Rcd5 30.Nd4 {#r} 1-0

[Event "Ch Italy (team) (juniors) (under 16)"]
[Site "masterchessopen.com Scanno (Italy)"]
[Date "2007.11.01"]
[Round "1"]
[White "Stoyko Maksym (ITA)"]
[Black "Angelini Marco (ITA)"]
[Result "0-1"]
[WhiteElo "2131"]
[BlackElo "2009"]

1.d4 Nf6 2.c4 g6 3.Nc3 d5 4.cxd5 Nxd5 5.e4 Nxc3 6.bxc3 Bg7 7.Bc4 c5 8.Ne2 O-O
9.O-O Nc6 10.Be3 Bg4 11.f3 cxd4 12.cxd4 Na5 13.Bd3 Be6 14.d5 Bxa1 15.Qxa1 f6
16.Bh6 Re8 17.Kh1 Rc8 18.Nf4 Bd7 19.e5 Nc4 20.e6 Bb5 21.Nxg6 hxg6 22.Qd4 Kh7
23.Qh4 Rh8 24.Qh5 Qe8 {#R} 0-1

[Event "Ch Ukraine (juniors) (under 16) (1/2 final)"]
[Site "masterchessopen.com Kherson (Ukraine)"]
[Date "2007.11.17"]
[Round "2"]
[White "Ledakov Alexandr (UKR)"]
[Black "Kudriashov Yuri (RUS)"]
[Result "1-0"]
[WhiteElo "1902"]
[BlackElo "2260"]

1.d4 Nf6 2.c4 g6 3.Nc3 d5 4.cxd5 Nxd5 5.e4 Nxc3 6.bxc3 Bg7 7.Bc4 O-O 8.Ne2 c5
9.O-O Nc6 10.Be3 cxd4 11.cxd4 Na5 12.Bd3 Bg4 13.f3 Be6 14.d5 Bd7 15.Rc1 e6
16.Nf4 exd5 17.exd5 Re8 18.Qd2 b5 19.Rfe1 Nb7 20.Ne2 a5 21.Nd4 Nd6 22.Nc6 Bxc6
23.Rxc6 Rc8 24.Bb6 Qd7 25.Rxe8+ Rxe8 26.Rc7 Qd8 27.Qxa5 Qh4 28.Bf2 Bd4 29.Qd2
Nf5 30.Rc1 Be3 31.Qxe3 Rxe3 32.Bxh4 Rxd3 33.Bf6 Nd6 34.Rc5 Kf8 35.Be5 {#r} 1-0

[Event "Ch World (juniors) (under 14)"]
[Site "masterchessopen.com Kemer (Turkey)"]
[Date "2007.11.24"]
[Round "7"]
[White "Kottahachchy K O V (SRI)"]
[Black "Okay Arda Efe (TUR)"]
[Result "0-1"]
[WhiteElo "1799"]
[BlackElo "1929"]

1.d4 Nf6 2.c4 g6 3.Nc3 d5 4.cxd5 Nxd5 5.e4 Nxc3 6.bxc3 Bg7 7.Bc4 c5 8.Ne2 O-O
9.O-O Nc6 10.Be3 cxd4 11.cxd4 Bg4 12.f3 Na5 13.Bd3 Be6 14.d5 Bxa1 15.Qxa1 f6
16.Rd1 Bd7 17.Bh6 Re8 18.g4 Rc8 19.g5 Nc4 20.Bxc4 Rxc4 21.h4 Qb6+ 22.Kh1 Qf2
{#R} 0-1

[Event "Ch World (juniors) (under 16) (g)"]
[Site "masterchessopen.com Kemer (Turkey)"]
[Date "2007.11.27"]
[Round "10"]
[White "Li Panru (CHN)"]
[Black "Lxamsuren Uuganbayar (MGL)"]
[Result "1-0"]
[WhiteElo "2030"]
[BlackElo "2104"]

1.d4 Nf6 2.c4 g6 3.Nc3 d5 4.cxd5 Nxd5 5.e4 Nxc3 6.bxc3 Bg7 7.Bc4 c5 8.Ne2 cxd4
9.cxd4 Nc6 10.Be3 O-O 11.O-O Bg4 12.f3 Na5 13.Bd3 Be6 14.d5 Bxa1 15.Qxa1 f6
16.Nd4 Bd7 17.Qb1 Rc8 18.Qb4 Rf7 19.Bf4 Qb6 20.Qxb6 axb6 21.Bh6 f5 22.e5 Ba4
23.Ne6 Rc3 24.Nf4 Rc5 25.e6 Rf8 26.Bxf8 Kxf8 27.h4 Nc4 28.Rb1 b5 29.Rf1 Nd6
30.g4 fxg4 31.fxg4 Kg7 32.Kf2 b4 33.Rb1 Bb5 34.Bxb5 Rxb5 35.Ke3 Rc5 36.Rxb4
Rc3+ 37.Nd3 h5 38.a4 hxg4 39.Rxg4 Nf5+ 40.Kd2 Rc5 {#r} 1-0

[Event "Ch Europe (active)"]
[Site "masterchessopen.com Warsaw (Poland)"]
[Date "2007.12.16"]
[Round "9"]
[White "Kadziolka Beata (POL)"]
[Black "Schmidt Wlodzimierz (POL)"]
[Result "0-1"]
[WhiteElo "2295"]
[BlackElo "2410"]

1.d4 Nf6 2.c4 g6 3.Nc3 d5 4.cxd5 Nxd5 5.e4 Nxc3 6.bxc3 Bg7 7.Bc4 c5 8.Ne2 Nc6
9.Be3 O-O 10.O-O Bg4 11.f3 Na5 12.Bd3 cxd4 13.cxd4 Be6 14.d5 Bxa1 15.Qxa1 f6
16.Bh6 Re8 17.Kh1 Bd7 18.Nf4 e5 19.Ne2 Rc8 20.f4 Nc4 21.Bxc4 Rxc4 22.Ng3 Qe7
23.Qd1 exf4 24.Bxf4 Rxe4 25.Nxe4 Qxe4 26.Bg3 Ba4 27.Qa1 Qxd5 28.Qxf6 Bc6
29.Qf2 h5 30.Bh4 Kh7 31.h3 Rf8 32.Qg1 Qxg2+ {#R} 0-1

[Event "Cup Rilton"]
[Site "masterchessopen.com Stockholm (Sweden)"]
[Date "2007.12.29"]
[Round "3"]
[White "Nyback Tomi (FIN)"]
[Black "Ernst Thomas (SWE)"]
[Result "1-0"]
[WhiteElo "2565"]
[BlackElo "2450"]

{ Nyback Tomi (FIN) +0 =1 -0 Ernst Thomas (SWE) +4 =3 -2 } 1.d4 Nf6 2.c4 g6
3.Nc3 d5 4.cxd5 Nxd5 5.e4 Nxc3 6.bxc3 Bg7 7.Bc4 c5 8.Ne2 Nc6 9.Be3 O-O 10.O-O
Bg4 11.f3 Na5 12.Bd3 cxd4 13.cxd4 Be6 14.d5 ( 14.Rc1 Bxa2 15.Qa4 Bb3 16.Qb4 b6
17.Bg5 f6 18.Bh4 Qd6 19.Qxd6 exd6 20.d5 Rfc8 21.Nd4 Bh6 22.Nxb3 Nxb3 23.Rc6 a5
24.Rb1 a4 25.Kf2 Bg7 26.Bc2 Nc5 27.Bg3 f5 28.Bxd6 Bd4+ 29.Ke2 a3 30.Bxc5 bxc5
31.Rxc8+ Rxc8 32.Bb3 Rb8 33.Ba2 Rxb1 { ...1/2-1/2, Nyback Tomi 2554 -
Hermansson Emil 2414 , Stockholm 30.12.2004 Cup Rilton } ) 14...Bxa1 15.Qxa1
f6 { =/? } 16.Qd4 ( 16.Bh6 Bd7 17.Bxf8 Qb6+ 18.Nd4 Rxf8 19.Rb1 Qd6 20.Qc3 Qe5
21.Rc1 Rc8 22.Qxc8+ Bxc8 23.Rxc8+ Kg7 24.Ne6+ Kh6 25.f4 Qb2 26.g4 Qd2 27.g5+
Kh5 28.Bf1 Qe3+ 29.Kg2 Qxe4+ 30.Kf2 Qxd5 31.Rh8 Kg4 32.Rxh7 Qd2+ 33.Be2+ Kf5
34.Rxe7 Nc6 35.Ng7+ Kxf4 { ...0-1, Christiansen Larry M 2625 - Lagunow
Alexander 2444 , Cologne 1992 It (open) "Porz" } ) ( 16.Kh1 Bd7 17.e5 Rc8
18.Bh6 fxe5 19.Bxf8 Qxf8 20.Qxe5 Qf6 21.Qe3 b6 22.Ng3 Nc4 23.Qe2 Nd6 24.f4 Rc5
25.f5 Bxf5 26.Bxf5 Nxf5 27.Ne4 Qe5 28.Qf3 Rxd5 29.g4 Rd4 30.Ng5 Qe3 31.gxf5
Qxg5 32.fxg6 Qd5 33.gxh7+ Kxh7 34.Qxd5 Rxd5 35.Rf7+ Kg6 { ...0-1, Milov Vadim
2626 - Van Wely Loek 2629 , Batumi 1999 Ch Europe (team) } ) 16...Bd7 (
16...Bf7 17.Bh6 Re8 18.Bb5 e5 19.Qf2 Re7 20.f4 Qb6 21.Qxb6 axb6 22.fxe5 Rxe5
23.Ng3 f5 24.Bf4 Rxe4 25.Nxe4 fxe4 26.d6 Nc6 27.Rd1 Rd8 28.a4 Bb3 29.Rb1 Bd5
30.Bf1 Kf7 31.Rxb6 Nd4 32.Kf2 Ke6 33.g3 Nf5 34.Bh3 Bc6 35.Bf1 Nxd6 36.a5 {
...1/2-1/2, Degtiarev Evgeny 2372 - Ernst Thomas 2475 , Hamburg 7.10.2005 It
(open) } ) 17.e5 e6 ( 17...fxe5 18.Qxe5 Qb8 19.Qxe7 Re8 20.Qc5 b6 21.Qc1 Qc8
22.Qd2 Nc4 23.Bxc4 Qxc4 24.Rc1 Qh4 25.Bf2 Qf6 26.Nc3 Rac8 27.h3 Bf5 28.d6 Red8
29.Bg3 Rc4 30.Nb5 Rxc1+ 31.Qxc1 a6 32.Nc7 Rxd6 33.Bxd6 Qxd6 34.Qc4+ Kf8
35.Nxa6 Be6 36.Qb4 Qxb4 37.Nxb4 { ...1/2-1/2, Van Wely Loek 2655 - Mikhalevski
Victor 2566 , Foxwoods 13. 4.2006 It (open) } ) 18.Nf4 { N } ( 18.h4 exd5
19.Qxd5+ Kh8 20.exf6 Bf5 21.Qxd8 Rfxd8 22.Bxf5 gxf5 23.Ng3 Rd5 24.Rc1 Nc6
25.Rc5 Rxc5 26.Bxc5 Kg8 27.Nxf5 Kf7 28.Nd6+ Kxf6 29.Nxb7 Rb8 30.Nd6 Rb2 31.a3
Ke6 32.Ne4 h5 33.Ng3 Rb5 34.Be3 Rb3 35.Bc5 Rb5 36.Ne4 Rb2 37.Kh2 a5 {
...1/2-1/2, Hernandez Holden 2543 - Llaneza Vega Marcos 2427 , Madrid 25.
4.2007 It (cat.9) } ) ( 18.Bh6 Rf7 19.Nf4 fxe5 20.Qxe5 exd5 21.Nxd5 Bc6 22.Nf4
{ 1/2-1/2, Petran Pal 2389 - Voiteanu Gabriel 2235 , Budapest 16. 4.2007 It
(cat.1) (a) } ) 18...exd5 19.Qxd5+ Kg7 { ?! } ( 19...Kh8 { !? } 20.Bd2 Nc6
21.exf6 Bf5 22.Bc3 Qxd5 23.Nxd5 Kg8 24.Ne7+ Kf7 25.Nxf5 gxf5 26.Bxf5 Rfd8 { }
) 20.exf6+ Rxf6 21.Bd4 Kh6 { ? } ( 21...Nc6 22.Bxf6+ Kxf6 23.Qd6+ Kg7 24.Rd1
Qb6+ 25.Kf1 Rd8 26.Rb1 Bf5 27.Rxb6 Rxd6 28.Rxb7+ Rd7 { } ) 22.Qe5 Rf7 23.Ne6
Bxe6 24.Be3+ g5 25.h4 { +15.00 CAP } {#r} 1-0

[Event "Memorial P.Dubinin (open)"]
[Site "masterchessopen.com Nizhnij Novgorod (Russia)"]
[Round "0"]
[White "Gorozhanin Mikhail (RUS)"]
[Black "Pristalov Evgeny (RUS)"]
[Result "0-1"]
[WhiteElo "1789"]
[BlackElo "1865"]

1.d4 Nf6 2.c4 g6 3.Nc3 d5 4.cxd5 Nxd5 5.e4 Nxc3 6.bxc3 Bg7 7.Bc4 c5 8.Ne2 O-O
9.O-O Nc6 10.Be3 Bg4 11.f3 cxd4 12.cxd4 Na5 13.Bd3 Be6 14.d5 Bxa1 {#R} 0-1

[Event "It (open) (b)"]
[Site "masterchessopen.com Delft (Netherlands)"]
[Date "2008.01.05"]
[Round "5"]
[White "Van Heijgen Diederik"]
[Black "Goes Sten (NED)"]
[Result "0-1"]
[WhiteElo "1789"]
[BlackElo "2143"]

1.d4 Nf6 2.c4 g6 3.Nc3 d5 4.cxd5 Nxd5 5.e4 Nxc3 6.bxc3 c5 7.Be3 Bg7 8.Bc4 Nc6
9.Ne2 O-O 10.O-O Bg4 11.f3 Na5 12.Bd3 cxd4 13.cxd4 Be6 14.d5 Bxa1 15.Qxa1 f6
16.Bh6 Re8 17.Qd4 Bd7 18.Rb1 b5 19.e5 e6 20.exf6 Qb6 21.dxe6 Rxe6 22.Bg7 Rd6
23.Qxb6 Rxb6 24.Nf4 Bc6 25.Re1 Rab8 26.h4 Rd8 27.Kf2 a6 28.g4 b4 29.g5 Kf7
{#R} 0-1

[Event "It (open) (b)"]
[Site "masterchessopen.com Delft (Netherlands)"]
[Date "2008.01.06"]
[Round "5"]
[White "Van Heijgen Diederik"]
[Black "Goes Sten (NED)"]
[Result "0-1"]
[WhiteElo "1789"]
[BlackElo "2143"]

1.d4 Nf6 2.c4 g6 3.Nc3 d5 4.cxd5 Nxd5 5.e4 Nxc3 6.bxc3 c5 7.Be3 Bg7 8.Bc4 Nc6
9.Ne2 O-O 10.O-O Bg4 11.f3 Na5 12.Bd3 cxd4 13.cxd4 Be6 14.d5 Bxa1 15.Qxa1 f6
16.Bh6 Re8 17.Qd4 Bd7 18.Rb1 b5 19.e5 e6 20.exf6 Qb6 21.dxe6 Rxe6 22.Bg7 Rb8
23.Be4 Rd6 24.Qxb6 Rbxb6 25.Re1 Rb8 26.h4 Rd8 27.Kf2 a6 28.g4 b4 29.g5 Kf7
{#R} 0-1

[Event "It (open) (b)"]
[Site "masterchessopen.com Moscow (Russia)"]
[Date "2008.02.04"]
[Round "3"]
[White "Stepanov Igor (RUS)"]
[Black "Pristalov Evgeny (RUS)"]
[Result "0-1"]
[WhiteElo "2052"]
[BlackElo "1865"]

1.d4 Nf6 2.c4 g6 3.Nc3 d5 4.cxd5 Nxd5 5.e4 Nxc3 6.bxc3 Bg7 7.Bc4 c5 8.Be3 O-O
9.Ne2 cxd4 10.cxd4 Nc6 11.O-O Bg4 12.f3 Na5 13.Bd3 Be6 14.d5 Bxa1 15.Qxa1 f6
16.Nd4 Bd7 17.Bh6 Re8 18.f4 e6 19.f5 e5 20.Ne6 Bxe6 21.fxe6 Rc8 22.Qe1 Nc4
23.Bxc4 Rxc4 24.Qe2 b5 25.Qf3 f5 26.exf5 e4 27.Qg3 Qf6 28.Bg5 Qd4+ 29.Be3 Qf6
30.d6 Rc6 31.d7 Rf8 32.Rd1 Rc3 33.fxg6 hxg6 34.Qg5 Rd3 {#R} 0-1

[Event "Ch Europe (seniors) (team)"]
[Site "masterchessopen.com Dresden (Germany)"]
[Date "2008.02.14"]
[Round "4"]
[White "Groschup G"]
[Black "Potthammel Joerg (GER)"]
[Result "0-1"]
[WhiteElo "1886"]
[BlackElo "2061"]

1.d4 Nf6 2.c4 g6 3.Nc3 d5 4.cxd5 Nxd5 5.e4 Nxc3 6.bxc3 Bg7 7.Bc4 c5 8.Ne2 Nc6
9.Be3 O-O 10.O-O Bg4 11.f3 Na5 12.Bd3 cxd4 13.cxd4 Be6 14.Rc1 Bxa2 15.Qa4 Be6
16.Rfd1 Bb3 17.Qb4 Bxd1 18.Rxd1 a6 19.d5 b5 20.Nd4 Rc8 21.f4 Nc4 22.Bf2 Qd6
23.Qxd6 exd6 24.Nc6 Nb2 25.Rd2 Nxd3 26.Rxd3 Rfe8 27.Re3 b4 28.e5 dxe5 29.fxe5
Rxc6 30.dxc6 Rc8 31.e6 fxe6 32.Rxe6 b3 {#R} 0-1

[Event "It (cat.21)"]
[Site "masterchessopen.com Morelia/Linares (Mexico/Spain)"]
[Date "2008.03.03"]
[Round "11"]
[White "Topalov Veselin (BUL)"]
[Black "Shirov Alexei (ESP)"]
[Result "1-0"]
[WhiteElo "2791"]
[BlackElo "2726"]

{ Topalov Veselin (BUL) +1 =1 -0 Shirov Alexei (ESP) +0 =4 -1 Topalov Veselin
(BUL)-Shirov Alexei (ESP) +1 =0 -0 } 1.d4 Nf6 2.c4 g6 3.Nc3 d5 4.cxd5 Nxd5
5.e4 Nxc3 6.bxc3 Bg7 7.Bc4 O-O 8.Ne2 c5 9.O-O Nc6 10.Be3 Bg4 11.f3 Na5 12.Bd3
cxd4 13.cxd4 Be6 14.d5 Bxa1 15.Qxa1 f6 { =/? } 16.Qd4 ( 16.Bh6 Bd7 17.Bxf8
Qb6+ 18.Nd4 Rxf8 19.Rb1 Qd6 20.Qc3 Qe5 21.Rc1 Rc8 22.Qxc8+ Bxc8 23.Rxc8+ Kg7
24.Ne6+ Kh6 25.f4 Qb2 26.g4 Qd2 27.g5+ Kh5 28.Bf1 Qe3+ 29.Kg2 Qxe4+ 30.Kf2
Qxd5 31.Rh8 Kg4 32.Rxh7 Qd2+ 33.Be2+ Kf5 34.Rxe7 Nc6 35.Ng7+ Kxf4 { ...0-1,
Christiansen Larry M 2625 - Lagunow Alexander 2443 , Cologne 1992 It (open)
"Porz" } ) ( 16.Kh1 Bd7 17.e5 Rc8 18.Bh6 fxe5 19.Bxf8 Qxf8 20.Qxe5 Qf6 21.Qe3
b6 22.Ng3 Nc4 23.Qe2 Nd6 24.f4 Rc5 25.f5 Bxf5 26.Bxf5 Nxf5 27.Ne4 Qe5 28.Qf3
Rxd5 29.g4 Rd4 30.Ng5 Qe3 31.gxf5 Qxg5 32.fxg6 Qd5 33.gxh7+ Kxh7 34.Qxd5 Rxd5
35.Rf7+ Kg6 { ...0-1, Milov Vadim 2626 - Van Wely Loek 2629 , Batumi 1999 Ch
Europe (team) } ) 16...Bf7 17.Bh6 Re8 18.Bb5 e5 19.Qf2 Re7 20.Bd3 { N } (
20.f4 exf4 21.Qxf4 Qb6+ 22.Kh1 Bxd5 23.exd5 Qxb5 24.Qxf6 Qe8 25.Qd4 Rd8 26.h3
Rf7 27.Rxf7 Qxf7 28.Qc3 b6 29.Ng3 Nb7 30.Ne4 Qe7 31.Nf6+ Kf7 32.Nxh7 Kg8
33.Nf6+ Kf7 34.Ng4 Kg8 35.Qd2 Re8 36.Qf4 Qd6 37.Qf2 Qc5 38.Qg3 Qd4 39.Kh2 Nd8
{ ...1-0, Topalov Veselin 2769 - Shirov Alexei 2739 , Wijk aan Zee 16. 1.2007
It (cat.19) } ) ( 20.Ng3 Qb6 21.Qxb6 axb6 22.f4 Be8 23.Be2 Bd7 24.fxe5 fxe5
25.Nh1 b5 26.Nf2 Rf7 27.Nd3 Rxf1+ 28.Kxf1 Nc4 29.Nc5 Be8 30.Nxb7 Rxa2 31.Ke1
Ra7 32.Nc5 Nd6 33.Bd2 Kf7 34.Bc3 Kf6 35.Bb4 Ra1+ 36.Kf2 Rb1 37.Bd2 Rb2 38.Ke3
Rc2 39.Bb4 Rc1 { ...0-1, Zude Erik Dr 2426 - Novotny Michal 2233 , Pardubice
23. 7.2005 It (open) (a) } ) ( 20.Be3 b6 21.f4 Be8 22.Bd3 Rf7 23.Qg3 Qe7 24.h4
Rc8 25.h5 Rg7 26.fxe5 fxe5 27.Bg5 Qc5+ 28.Kh2 Bd7 29.Bf6 Qf8 30.Bxg7 Qxg7
31.hxg6 hxg6 32.Qg5 Rf8 33.Rxf8+ Kxf8 34.Ng1 Qe7 35.Qh6+ Qg7 36.Qh4 Nb7 37.Nf3
Nc5 38.Qd8+ Be8 39.Qd6+ Qe7 { ...1/2-1/2, Andre Gordon 2176 - Peters Andreas
2313 , Germany 1999 Oberliga East A 1999/00 } ) 20...Rc8 21.f4 Nc4 22.fxe5
Nxe5 23.Qxf6 Bxd5 24.exd5 Ng4 25.Qf4 Nxh6 26.Qxh6 Qb6+ { ? } ( 26...Qxd5
27.Nf4 Qd4+ 28.Kh1 Rf7 29.Qh3 Re8 30.g3 Qc5 31.Qh4 b5 32.Kg2 { } ) 27.Kh1 Qe3
28.Qh4 Re5 29.Qf6 Ree8 30.Bxg6 hxg6 31.Qxg6+ Kh8 32.Qf6+ Kh7 33.Qf7+ Kh8
34.Nf4 { +15.00 CAP } {#r} 1-0

[Event "It (open)"]
[Site "masterchessopen.com Reykjavik (Iceland)"]
[Date "2008.03.06"]
[Round "4"]
[White "Wang Yue (CHN)"]
[Black "Hermansson Emil (SWE)"]
[Result "1-0"]
[WhiteElo "2736"]
[BlackElo "2423"]

{ Hermansson Emil (SWE) +0 =1 -1 } 1.d4 Nf6 2.c4 g6 3.Nc3 d5 4.cxd5 Nxd5 5.e4
Nxc3 6.bxc3 Bg7 7.Bc4 c5 8.Ne2 O-O 9.O-O Nc6 10.Be3 Bg4 11.f3 Na5 12.Bd3 cxd4
13.cxd4 Be6 14.d5 Bxa1 15.Qxa1 f6 { =/? } 16.Qb1 ( 16.Bh6 Bd7 17.Bxf8 Qb6+
18.Nd4 Rxf8 19.Rb1 Qd6 20.Qc3 Qe5 21.Rc1 Rc8 22.Qxc8+ Bxc8 23.Rxc8+ Kg7
24.Ne6+ Kh6 25.f4 Qb2 26.g4 Qd2 27.g5+ Kh5 28.Bf1 Qe3+ 29.Kg2 Qxe4+ 30.Kf2
Qxd5 31.Rh8 Kg4 32.Rxh7 Qd2+ 33.Be2+ Kf5 34.Rxe7 Nc6 35.Ng7+ Kxf4 { ...0-1,
Christiansen Larry M 2625 - Lagunow Alexander 2443 , Cologne 1992 It (open)
"Porz" } ) ( 16.Kh1 Bd7 17.e5 Rc8 18.Bh6 fxe5 19.Bxf8 Qxf8 20.Qxe5 Qf6 21.Qe3
b6 22.Ng3 Nc4 23.Qe2 Nd6 24.f4 Rc5 25.f5 Bxf5 26.Bxf5 Nxf5 27.Ne4 Qe5 28.Qf3
Rxd5 29.g4 Rd4 30.Ng5 Qe3 31.gxf5 Qxg5 32.fxg6 Qd5 33.gxh7+ Kxh7 34.Qxd5 Rxd5
35.Rf7+ Kg6 { ...0-1, Milov Vadim 2626 - Van Wely Loek 2629 , Batumi 1999 Ch
Europe (team) } ) 16...Bf7 17.Nd4 Rc8 18.Qb4 e6 ( 18...b6 19.Bh6 Rc5 20.Nb5 e6
21.Bxf8 Kxf8 22.Nxa7 { 1/2-1/2, Berkes Ferenc 2630 - Flumbort Andras 2490 ,
Budapest 22. 8.2004 Ch Hungary } ) 19.dxe6 Bxe6 20.Nxe6 Qxd3 { +0.15 CAP }
21.Bxa7 { N } ( 21.Bd2 b6 22.Nxf8 Rxf8 23.Bh6 Re8 24.Qb2 Kf7 25.Rc1 Qd7 26.Be3
Re6 27.Qe2 Rc6 28.Rd1 Rd6 29.Rc1 Rc6 30.Rd1 Rd6 31.Rxd6 Qxd6 32.g3 Qd7 33.Kg2
b5 34.Qf2 a6 35.Bc5 Nc4 36.Bd4 h5 37.Bc3 g5 38.Qc5 Qd3 39.Qd5+ Qxd5 40.exd5
Ne3+ { ...0-1, Knaak Rainer 2520 - Schmidt Wlodzimierz 2485 , Halle 1976 It }
) 21...Rfe8 22.Nf4 Qc3 23.Qb5 Nc6 24.Nd5 Qe5 25.Bc5 Nd4 26.Qb4 Ne2+ 27.Kh1 Nf4
{ ?! } ( 27...Rcd8 { !? } 28.f4 Qe6 29.Qxb7 Rb8 30.Qc7 Rbd8 31.Qa5 Rb8 { } )
28.Ne7+ Kh8 29.Nxc8 Nd3 30.Nd6 Nxb4 31.Nf7+ Kg7 32.Nxe5 Na6 33.Nd7 Rd8 34.Bf8+
Kf7 35.Rd1 { } {#r} 1-0